Mois de l'année en Europe - Statistiques

Statistiques générales
  • Ce quiz a été pris 124 fois
  • Le résultat moyen est 27 sur 36
Statistiques - réponses
mois Réponse % Correct
allemand Januar
99%
anglais January
99%
allemand April
97%
anglais April
97%
allemand Februar
97%
anglais March
97%
anglais May
97%
allemand November
97%
anglais November
97%
allemand September
97%
anglais September
97%
allemand August
96%
anglais August
96%
anglais December
96%
anglais February
96%
anglais July
96%
anglais October
96%
anglais June
94%
allemand Mai
77%
allemand Juli
74%
allemand Juni
74%
allemand März
69%
espanol Mayo
53%
espanol Noviembre
50%
allemand Oktober
50%
espanol Junio
47%
espanol Septiembre
47%
espanol Julio
46%
allemand Dezember
45%
espanol Diciembre
45%
espanol Octubre
44%
espanol Abril
43%
espanol Enero
40%
espanol Marzo
40%
espanol Febrero
39%
espanol Agosto
32%
Aucun quiz correspondant
Distribution des résultats
% des personnes avec chaque résultat
Percentile par nombre de réponses
Votre historique - résultats
Vous n’avez pas pris ce quiz